Gaming Quiz

Random Gaming or Board Games Quiz
Score 0/10 Timer 05:00
3 Plays Today
Question Answer Wrong Answers
Which of these is not a Monopoly token? No bunny on the Monopoly board
88.4%
Race car
5.2%
Scottish terrier
2%
Top hat
1.4%
Which of these is not a card suit? Kings
76.3%
Clubs
5.8%
Diamonds
4.4%
Spades
11.6%
Which of these is not an Operation ailment? Thumbs Down is no Operation ailment
75.2%
Adam's Apple
8.5%
Spare Ribs
6.8%
Wish Bone
5.2%
Which of these is not a Cluedo character? No Cluedo character named LAPISLAZULI
74.6%
Colonel MUSTARD
9.4%
Mrs. PEACOCK
8%
Professor PLUM
7.7%
Which of these is not a Pokémon type? Cloud is not a Pokémon type
64.8%
Fire
2.7%
Grass
25.3%
Water
2.8%
Which of these is not a Pac Man ghost? No Pac Man ghost named Slinky
63%
Clyde
15.8%
Inky
8.9%
Pinky
9.6%
Which of these is not a Tarot card? No Pipe in the tarot deck
60%
The Magician
10.3%
The Moon
8.1%
The Wheel of Fortune
17.5%
Which of these is not a chess figure? No Bride on the chess board
59.1%
Bishop
8%
Queen
3.8%
Rook
27.6%
Which of these is not a Super Mario character? Antonio Banderas is not a Mario character
57%
Princess DAISY (as in Daisy Ridley)
22.8%
LUIGI
14.6%
Princess PEACH
4.7%
Which of these is not a character from Street Fighter II? No Street Fighter character named Sushi
52.1%
Balrog
13.2%
Honda
22.9%
Ken
8.4%
Remove Ads.
Support Sporcle.
Get the best of Sporcle when you Go Orange. This ad-free experience offers more features, more stats, and more fun while also helping to support Sporcle. Thank you for becoming a member.

You're not logged in!

Compare scores with friends on all Sporcle quizzes.
OR
Log In

Show Comments

Extras

Top Quizzes Today


Score Distribution

Your Account Isn't Verified!

In order to create a playlist on Sporcle, you need to verify the email address you used during registration. Go to your Sporcle Settings to finish the process.

Report this User

Report this user for behavior that violates our Community Guidelines.

Details: